Normal view
MARC view
Entry Personal Name
001 - CONTROL NUMBER
- control field: 79851
003 - CONTROL NUMBER IDENTIFIER
- control field: dpl
005 - DATE AND TIME OF LATEST TRANSACTION
- control field: 20250324121140.0
008 - FIXED-LENGTH DATA ELEMENTS
- fixed length control field: 250324|| aca||aabn | a|a d
040 ## - CATALOGING SOURCE
- Original cataloging agency: dpl
- Transcribing agency: dpl
100 ## - HEADING--PERSONAL NAME
- Personal name: Vivan sharan
670 ## - SOURCE DATA FOUND
- Source citation: Work cat.: (dpl)210449: Bal, meghna 79850, The dazzle of the digital;, 2023
